A guide to the project management body of knowledge (PMBOK guide). (Record no. 652)

MARC details
000 -LEADER
fixed length control field 00811cam a22002774a 4500
001 - CONTROL NUMBER
control field 13711243
003 - CONTROL NUMBER IDENTIFIER
control field OSt
005 - DATE AND TIME OF LATEST TRANSACTION
control field 20250420134820.0
008 - FIXED-LENGTH DATA ELEMENTS--GENERAL INFORMATION
fixed length control field 040907s2004 paua b 001 0 eng
010 ## - LIBRARY OF CONGRESS CONTROL NUMBER
LC control number 2004058697
020 ## - INTERNATIONAL STANDARD BOOK NUMBER
International Standard Book Number 9781930699458
040 ## - CATALOGING SOURCE
Original cataloging agency DLC
Transcribing agency KCST
042 ## - AUTHENTICATION CODE
Authentication code pcc
050 00 - LIBRARY OF CONGRESS CALL NUMBER
Classification number HD69.P75
Item number G845 2004
082 00 - DEWEY DECIMAL CLASSIFICATION NUMBER
Classification number 658.404
Edition information 22
245 02 - TITLE STATEMENT
Title A guide to the project management body of knowledge (PMBOK guide).
246 30 - VARYING FORM OF TITLE
Title proper/short title PMBOK guide
250 ## - EDITION STATEMENT
Edition statement 3rd ed.
260 ## - PUBLICATION, DISTRIBUTION, ETC.
Place of publication, distribution, etc. Newtown Square, Pa. :
Name of publisher, distributor, etc. Project Management Institute, Inc.,
Date of publication, distribution, etc. c2004.
300 ## - PHYSICAL DESCRIPTION
Extent viii, 388 p. :
Other physical details ill. ;
Dimensions 28 cm.
504 ## - BIBLIOGRAPHY, ETC. NOTE
Bibliography, etc. note Includes bibliographical references (p. 345-346) and index.
650 #0 - SUBJECT ADDED ENTRY--TOPICAL TERM
Topical term or geographic name entry element Project management.
9 (RLIN) 33
710 2# - ADDED ENTRY--CORPORATE NAME
Corporate name or jurisdiction name as entry element Project Management Institute.
9 (RLIN) 5208
942 ## - ADDED ENTRY ELEMENTS (KOHA)
Koha item type Book
942 ## - ADDED ENTRY ELEMENTS (KOHA)
Source of classification or shelving scheme Dewey Decimal Classification
Holdings
Withdrawn status Lost status Source of classification or shelving scheme Damaged status Not for loan Home library Current library Date acquired Source of acquisition Cost, normal purchase price Total checkouts Full call number Barcode Date last seen Price effective from Koha item type
    Dewey Decimal Classification     KCST Library KCST Library 04/03/2021 Nouf Yaseen-KCST 0.00   658.404 Gu 1000000751 04/03/2021 04/03/2021 Book
© 2025 KCST. All rights reserved